00302nam a2200133Ia 4500008004100000040000600041041001200047082001000059082001100069100001300080245003400093245001300127501002800140141004s9999 xx 000 0 und d ca aEnglish a631.4 bBRA/NA a Brady aNature and properties of soil c Brady aKAUCOF